000 00545 a2200193 4500
005 20250506115558.0
008 250506b |||||||| |||| 00| 0 eng d
020 _a9781032582351
_c£ 61.99
040 _aMAIN
082 _a005.55
_bC881H(12)
100 _aCronk, Brian C
245 _aHow to use SPSS®: A step-by-step guide to analysis and interpretation
250 _a12th
260 _c2024
_aNew York
_bRoutledge
300 _aviii, 244
650 _aComputer Science
650 _aSSPS-Computer Programming Language
942 _cBK
999 _c358511
_d358511